太鼓の達人 ブルーVer.段位道場 課題曲 - Statistics

General Stats
  • This quiz has been taken 10 times
  • The average score is 8 of 75
Answer Stats
段位 曲名 % Correct
達人3rd 第六天魔王
88%
達人1st チャーリー ダッシュ!
63%
初段1st 夏祭り
50%
達人2nd まださいたま2000
50%
十段3rd トイマチック☆パレード!!
38%
名人1st ココロボ
38%
名人2nd まるくてはやくてすさまじいリズム
38%
超人3rd Coquette
38%
超人2nd DEBSTEP!
38%
玄人2nd God Ray
38%
一級1st エンジェルドリーム
25%
十段1st 夜桜謝肉祭(裏)
25%
超人1st 束ね糸
25%
名人3rd EterNal Ring
25%
玄人1st SstTAarR*
25%
九段2nd Where is the Target?
25%
十級3rd
13%
八級2nd シュガーソングとビターステップ
13%
七級1st ロストワンの号哭
13%
六級3rd 紅蓮の弓矢
13%
一級2nd ゴーストルール
13%
六段1st 青空のラプソディ
13%
八段1st 大空と太鼓の踊り
13%
八段2nd メヌエット
13%
九段3rd 食らいむ!まうんとぱふぇ
13%
二級3rd さいたま2000
13%
四段1st Bad Apple!! feat.nomico
13%
十段2nd Pastel Sealane
13%
九段1st Scream out! -達人Edit.-(裏)
13%
玄人3rd Toon Town's Toys' Tune
13%
八段3rd Venomous
13%
初級1st 名探偵コナン メイン・テーマ
0%
初級2nd カゲロウデイズ
0%
初級3rd シャルル
0%
九級1st 残酷な天使のテーゼ
0%
九級2d シオカラ節
0%
九級3rd 前前前世
0%
八級1st 全力バタンキュー
0%
七級2nd 月に叢雲華に風
0%
七級3rd 拝啓ドッペルゲンガー
0%
六級1st 六丁年と一夜物語
0%
六級2nd チルノのパーフェクトさんすう教室
0%
五級3rd 色は匂えど散りぬるを
0%
四級2nd カルメン 組曲一番終曲
0%
四級3rd ワールズエンド・ダンスホール
0%
三級1st 脳漿炸裂ガール
0%
二級1st ドキドキ胸キュン おまつりタイム
0%
二級2nd エイリアンエイリアン
0%
一級3rd つながれ!ひろがれ!打ち上がれ!
0%
初段2nd ウィリアム・テル序曲
0%
二段1st 君の知らない物語
0%
二段2nd イケナイ太陽
0%
二段3rd 伝説の祭り
0%
三段1st ようこそジャパリパークへ
0%
六段3rd 華蕾夢ミル狂詩曲~魂ノ導~(裏)
0%
三段2nd めざせポケモンマスター -20th Anniversary-
0%
六段2nd ヌムジカac.10
0%
五段2nd アサルト BGM1
0%
五段3rd Blue Rose Ruin
0%
三級3rd ケロ⑨destiny
0%
五級2nd スプラトゥーン2 メドレー
0%
十級2nd ダンシング・ヒーロー(Eat You Up)
0%
七段3rd FLOWER
0%
三級2nd Grip & Break down !! -達人Edit.-
0%
十級1st Hope
0%
初段3rd ソウルキャリバーII
0%
五段1st Jump Up, Super Star! Short Version
0%
七段2nd junction
0%
三段3rd KAGEKIYO
0%
七段1st KARMA(Tatsujin Mix)
0%
五級1st POP TEAM EPIC
0%
四段3rd Rotter Tarmination
0%
四段2nd super star shooter
0%
八級3rd TT -Japanese ver.-
0%
四級1st Youtubeテーマソング
0%
No matching quizzes found
Score Distribution
Percent of People with Each Score
Percentile by Number Answered
Your Score History
You have not taken this quiz